000 00788nam a22002177a 4500
005 20230920104119.0
010 _aENG-138175
020 _a97893931399232
_c772.00
035 _aEN-121707
037 _bDBAD/PUB
082 _a517
_2First 2023
100 _aSudhakar, A.
_957023
245 _aDifferential Equations and Vector Calculus /
_cBy A. Sudhakar; M. Ramanuja and V. Srinivasa Rao
250 _aFirst 2023
260 _aHyderabad
_bM/s Amaravathi Publishers
_c2023
270 _bHyderabad
_a7-1-277/242, 1st Floor, Near B K Guda Park, S R Nagar
_e500038
_k+914023710657
_k+91238000657
_l+914023810657
300 _avp.
_c24cm(hbk)
_bIndex
700 _aRamanuja, M.
_eAuthor
_956915
700 _aRao, V. Srinivasa
_eAuthor
_956963
942 _2ddc
_cEN
_h517
_mSUD
999 _c198412
_d198412